| 000 | 00311nam a22001217a 4500 | ||
|---|---|---|---|
| 082 |
_a510 _bVER/M |
||
| 100 | _aSURENDER VERMA | ||
| 245 |
_aME N MINE MATHEMATICS _bCLASS X |
||
| 260 |
_aDELHI _bSARASWATI HOUSE PVT LTD |
||
| 300 | _a304 | ||
| 650 |
_aMATHS COMPLETE PRACTICE MATERIAL FOR CLASS X _zINDIA |
||
| 942 | _cBK | ||
| 999 |
_c764 _d764 |
||